Crosslink distribution in vulcanised blends of NR and EPDM (Record no. 56564)

MARC details
000 -LEADER
fixed length control field 00388nam a2200145Ia 4500
100 ## - MAIN ENTRY--AUTHOR NAME
Personal name Brown P S
245 #0 - TITLE STATEMENT
Title Crosslink distribution in vulcanised blends of NR and EPDM
260 ## - PUBLICATION, DISTRIBUTION, ETC. (IMPRINT)
Name of publisher Journal of Natural Rubber Research
Year of publication 1990
300 ## - PHYSICAL DESCRIPTION
Number of Pages 157-162
650 ## - SUBJECT ADDED ENTRY--TOPICAL TERM
Topical Term EPDM
650 ## - SUBJECT ADDED ENTRY--TOPICAL TERM
Topical Term Natural rubber
700 ## - ADDED ENTRY--PERSONAL NAME
Personal name Tinker A J
942 ## - ADDED ENTRY ELEMENTS (KOHA)
Koha item type Journals
Holdings
Withdrawn status Lost status Damaged status Not for loan Home library Current library Shelving location Date acquired Serial Enumeration / chronology Koha item type
      Journals RRII Library RRII Library Rubber chemistry 17/12/2021 Volume 5, Issue 3 Journals